000 00429nam a2200145Ia 4500
008 100122s9999 xx 000 0 und d
082 _b67642
_a824
100 _aबिनिवाले अविनाश
245 _aमाय मरो पण
260 _bराजहंस प्रकाशन
_c2005
300 _a91
630 _aमाय मरो पण
730 _aमाय मरो पण
942 _cBOOK
999 _c439570
_d439567